Top 50 Countries - Least Affordable Housing - Statistics

General Stats
  • This quiz has been taken 57 times
  • The average score is 11 of 50
Answer Stats
# First
Letter
Answer Index* % Correct
7 V Venezuela 0.2
72%
1 A Argentina 0.1
63%
5 I Iran 0.2
51%
13 V Vietnam 0.4
47%
2 C Cameroon 0.1
42%
4 E Ethiopia 0.2
40%
16 U Uzbekistan 0.4
40%
20 I Indonesia 0.5
35%
15 U Ukraine 0.4
35%
11 C Cambodia 0.3
33%
27 D Dominican Republic 0.5
33%
18 K Kyrgyzstan 0.4
30%
21 P Pakistan 0.5
30%
25 K Kenya 0.5
28%
6 N Nepal 0.2
28%
23 R Russia 0.5
28%
3 S Syria 0.1
28%
10 T Turkey 0.3
28%
50 H Honduras 0.9
26%
30 K Kazakhstan 0.6
26%
9 P Philippines 0.3
26%
22 B Brazil 0.5
23%
14 C Colombia 0.4
21%
24 T Thailand 0.5
21%
28 A Armenia 0.5
19%
12 C China 0.4
19%
32 G Georgia 0.6
19%
19 L Lebanon 0.4
19%
31 A Azerbaijan 0.6
16%
17 B Belarus 0.4
16%
37 H Hungary 0.7
16%
29 E Egypt 0.6
14%
48 P Poland 0.9
14%
33 M Mongolia 0.6
12%
26 P Peru 0.5
12%
8 S Sri Lanka 0.2
12%
35 A Algeria 0.7
9%
45 G Guatemala 0.8
9%
46 B Bolivia 0.8
7%
47 M Mexico 0.9
7%
34 S South Korea 0.7
7%
42 T Taiwan 0.8
7%
41 A Afghanistan 0.8
5%
44 E Ecuador 0.8
5%
49 M Morocco 0.9
5%
36 T Tunisia 0.7
5%
40 B Bahamas 0.7
2%
43 C Chile 0.8
2%
39 M Moldova 0.7
2%
38 S Serbia 0.7
2%
No matching quizzes found
Score Distribution
Percent of People with Each Score
Percentile by Number Answered
Your Score History
You have not taken this quiz